| 000 | 00524nam a2200181Ia 4500 | ||
|---|---|---|---|
| 008 | 090123s9999 xx 000 0 und d | ||
| 082 | _b1512 | ||
| 100 | _aनायक एम.जी. | ||
| 245 | _aतूटी मीरीद हल्लू | ||
| 250 | _a1 | ||
| 260 | _c1965 | ||
| 300 | _a229 | ||
| 600 | _aनायक एम.जी. | ||
| 630 | _aतूटी मीरीद हल्लू | ||
| 700 | _aनायक एम.जी. | ||
| 730 | _aतूटी मीरीद हल्लू | ||
| 942 | _cBOOK | ||
| 999 |
_c39594 _d39594 |
||